[Event "Gligoric Cup 11th"]
[Site "Paracin"]
[Date "2025.05.25"]
[Round "5.1"]
[White "Ivanov, Mikhail M"]
[Black "Stefanovic, Bosko"]
[Result "1-0"]
[WhiteElo "2240"]
[BlackElo "2125"]
[PlyCount "67"]
[EventDate "2025.05.22"]
[EventType "team-swiss"]
[EventRounds "5"]
[EventCountry "SRB"]
[SourceTitle "CB22_2025"]
[SourceDate "2025.05.28"]
[SourceVersion "1"]
[SourceVersionDate "2025.05.28"]
[SourceQuality "1"]
[WhiteTeam "Belgrade Radnicki"]
[BlackTeam "Belgrade Bogoslov"]
[WhiteTeamCountry "SRB"]
[BlackTeamCountry "SRB"]

1. Nf3 Nf6 2. b3 g6 3. Bb2 Bg7 4. d4 0-0 5. e3 c5 6. dxc5 Qa5+ 7. c3 Qxc5 8. Ba3 Qb6 9. Bxe7 Re8 10. Bxf6 Qxf6 11. Be2 Nc6 12. 0-0 d6 13. Nd4 Bf5 14. Nd2 Rac8 15. Rc1 d5 16. Nxf5 Qxf5 17. Bg4 Qf6 18. Bxc8 Rxc8 19. Nf3 Qf5 20. Nd4 Qd7 21. Nxc6 Rxc6 22. Qd3 Rd6 23. Rfd1 h5 24. c4 d4 25. c5 Rd5 26. Rc4 b5 27. Rxd4 Bxd4 28. exd4 a6 29. b4 Qc6 30. a3 Kg7 31. Re1 Qd7 32. Qc3 Kg8 33. c6 Qc7 34. Rc1 1-0

[Event "Gligoric Cup 11th"]
[Site "Paracin"]
[Date "2025.05.24"]
[Round "3.1"]
[White "Petrusic, Velimir"]
[Black "Stefanovic, Bosko"]
[Result "0-1"]
[WhiteElo "2079"]
[BlackElo "2125"]
[PlyCount "70"]
[EventDate "2025.05.22"]
[EventType "team-swiss"]
[EventRounds "5"]
[EventCountry "SRB"]
[SourceTitle "CB22_2025"]
[SourceDate "2025.05.28"]
[SourceVersion "1"]
[SourceVersionDate "2025.05.28"]
[SourceQuality "1"]
[WhiteTeam "Sremska Mitrovica Sirmium"]
[BlackTeam "Belgrade Bogoslov"]
[WhiteTeamCountry "SRB"]
[BlackTeamCountry "SRB"]

1. d4 g6 2. Nf3 Bg7 3. c3 d6 4. Bg5 f6 5. Bh4 Nh6 6. e4 0-0 7. Nbd2 Nd7 8. Bc4+ Kh8 9. 0-0 e5 10. a4 a5 11. Re1 Qe7 12. dxe5 dxe5 13. Nf1 Nf7 14. Ne3 c6 15. Nd2 Rd8 16. Qc2 Nc5 17. f3 Bh6 18. Bf2 Be6 19. Bf1 Nd6 20. Nd5 cxd5 21. Bxc5 Qc7 22. Bxd6 Qxd6 23. exd5 Qxd5 24. Ne4 f5 25. Red1 Qb3 26. Rxd8+ Rxd8 27. Qf2 fxe4 28. Qh4 Qb6+ 29. Kh1 Bg7 30. fxe4 Bb3 31. Qe7 Bf6 32. Qa3 Kg7 33. Bb5 Bc2 34. Rf1 Bxe4 35. Bc4 Rd2 0-1

[Event "Gligoric Cup 11th"]
[Site "Paracin"]
[Date "2025.05.23"]
[Round "2.1"]
[White "Stefanovic, Bosko"]
[Black "Kovacevic, Aleksandar"]
[Result "0-1"]
[WhiteElo "2125"]
[BlackElo "2444"]
[PlyCount "56"]
[EventDate "2025.05.22"]
[EventType "team-swiss"]
[EventRounds "5"]
[EventCountry "SRB"]
[SourceTitle "CB22_2025"]
[SourceDate "2025.05.28"]
[SourceVersion "1"]
[SourceVersionDate "2025.05.28"]
[SourceQuality "1"]
[WhiteTeam "Belgrade Bogoslov"]
[BlackTeam "Novi Sad"]
[WhiteTeamCountry "SRB"]
[BlackTeamCountry "SRB"]

1. c4 e5 2. Nc3 Bb4 3. g3 Bxc3 4. dxc3 d6 5. Bg2 Nc6 6. Nf3 a6 7. 0-0 Be6 8. b3 Qd7 9. Re1 Bh3 10. Bh1 f5 11. e4 Nf6 12. exf5 0-0 13. Nh4 Bxf5 14. Nxf5 Qxf5 15. Be3 Ng4 16. Qe2 Rae8 17. Bg2 e4 18. Rad1 Nce5 19. Bf4 Nd3 20. Rxd3 exd3 21. Qxe8 Rxe8 22. Rxe8+ Kf7 23. Re1 d2 24. Rd1 g5 25. Be3 Nxe3 26. fxe3 Qc2 27. Bf3 c6 28. Kf2 Qxa2 0-1

[Event "Gligoric Cup 11th"]
[Site "Paracin"]
[Date "2025.05.22"]
[Round "1.1"]
[White "Todorovic, Nemanja"]
[Black "Stefanovic, Bosko"]
[Result "1/2-1/2"]
[WhiteElo "1977"]
[BlackElo "2125"]
[PlyCount "87"]
[EventDate "2025.05.22"]
[EventType "team-swiss"]
[EventRounds "5"]
[EventCountry "SRB"]
[SourceTitle "CB22_2025"]
[SourceDate "2025.05.28"]
[SourceVersion "1"]
[SourceVersionDate "2025.05.28"]
[SourceQuality "1"]
[WhiteTeam "Kac Jugovic"]
[BlackTeam "Belgrade Bogoslov"]
[WhiteTeamCountry "SRB"]
[BlackTeamCountry "SRB"]

1. e4 e6 2. d4 d5 3. exd5 exd5 4. Bd3 Nc6 5. c3 Bd6 6. h3 Nge7 7. Qf3 Be6 8. Ne2 Qd7 9. b4 Bf5 10. Bf4 Bxd3 11. Qxd3 Nf5 12. Nd2 0-0 13. 0-0 Rfe8 14. Bxd6 Nxd6 15. Nf4 Ne7 16. Rfe1 c6 17. Re5 Ng6 18. Nxg6 hxg6 19. Rae1 f6 20. R5e3 Nf5 21. R3e2 Rxe2 22. Rxe2 Re8 23. g4 Nd6 24. a4 Kf7 25. f3 Rxe2 26. Qxe2 Qe6 27. Kf2 g5 28. Qxe6+ Kxe6 29. Ke3 g6 30. f4 gxf4+ 31. Kxf4 g5+ 32. Kf3 f5 33. gxf5+ Kxf5 34. Nf1 Nc4 35. Ne3+ Nxe3 36. Kxe3 g4 37. hxg4+ Kxg4 38. Ke2 b5 39. a5 Kf4 40. Kf2 Ke4 41. Ke2 a6 42. Kd2 Kf3 43. Kd3 Kf2 44. Kd2 1/2-1/2

[Event "EU-ch 25th"]
[Site "Eforie Nord"]
[Date "2025.03.22"]
[Round "7"]
[White "Stefanovic, Bosko"]
[Black "Korchevskyi, Volodymyr"]
[Result "1-0"]
[WhiteElo "2118"]
[BlackElo "1732"]
[PlyCount "67"]
[EventDate "2025.03.15"]
[EventType "swiss"]
[EventRounds "11"]
[EventCountry "ROU"]
[SourceTitle "CB13_2025"]
[SourceDate "2025.03.26"]
[SourceVersion "1"]
[SourceVersionDate "2025.03.26"]
[SourceQuality "1"]

1. Nf3 Nf6 2. c4 Nc6 3. Nc3 e5 4. g3 d5 5. cxd5 Nxd5 6. Bg2 Nb6 7. 0-0 Be7 8. d3 Be6 9. a3 0-0 10. b4 f6 11. Be3 Nd5 12. Nxd5 Bxd5 13. Qc2 Nb8 14. Rfc1 c6 15. Nd2 Bxg2 16. Kxg2 Na6 17. Qc4+ Kh8 18. b5 cxb5 19. Qxb5 f5 20. f3 Nc7 21. Qxb7 Nd5 22. Bf2 Rb8 23. Qc6 Bg5 24. Rc2 Be3 25. Rb1 Rxb1 26. Nxb1 Bxf2 27. Kxf2 f4 28. Rc1 Ne3 29. Qc5 Qe8 30. Nd2 h6 31. Nc4 Nf5 32. Nxe5 fxg3+ 33. hxg3 Qd8 34. Qxf8+ 1-0

[Event "EU-ch 25th"]
[Site "Eforie Nord"]
[Date "2025.03.19"]
[Round "5"]
[White "Stefanovic, Bosko"]
[Black "Negrean, Andrei"]
[Result "0-1"]
[WhiteElo "2118"]
[BlackElo "2280"]
[PlyCount "84"]
[EventDate "2025.03.15"]
[EventType "swiss"]
[EventRounds "11"]
[EventCountry "ROU"]
[SourceTitle "CB13_2025"]
[SourceDate "2025.03.26"]
[SourceVersion "1"]
[SourceVersionDate "2025.03.26"]
[SourceQuality "1"]

1. Nf3 c5 2. c4 Nf6 3. g3 b6 4. Bg2 Bb7 5. 0-0 e6 6. Nc3 d6 7. Re1 Be7 8. e4 a6 9. d4 cxd4 10. Nxd4 Qc7 11. Be3 Nbd7 12. Rc1 0-0 13. f4 h5 14. h3 Rfe8 15. Bf2 Rac8 16. Nb3 Bf8 17. Nd2 g6 18. a3 Bh6 19. Be3 Qb8 20. Bf3 e5 21. Nd5 Bxd5 22. exd5 h4 23. fxe5 Bxe3+ 24. Rxe3 Nxe5 25. Kg2 hxg3 26. b4 Qa7 27. Qe2 Re7 28. Ne4 Nxd5 29. cxd5 Rxc1 30. Nxd6 Qc7 31. Rxe5 Rc2 32. Rxe7 Rxe2+ 33. Rxe2 Qxd6 34. Rc2 Qe5 35. Rc6 Kf8 36. d6 Ke8 37. Rxb6 Qe1 38. Bc6+ Kf8 39. Rb8+ Kg7 40. h4 Qf2+ 41. Kh3 Qh2+ 42. Kg4 f5+ 0-1

[Event "EU-ch 25th"]
[Site "Eforie Nord"]
[Date "2025.03.17"]
[Round "3"]
[White "Stefanovic, Bosko"]
[Black "Onofrasc, Ivan"]
[Result "1-0"]
[WhiteElo "2118"]
[BlackElo "1860"]
[PlyCount "57"]
[EventDate "2025.03.15"]
[EventType "swiss"]
[EventRounds "11"]
[EventCountry "ROU"]
[SourceTitle "CB13_2025"]
[SourceDate "2025.03.26"]
[SourceVersion "1"]
[SourceVersionDate "2025.03.26"]
[SourceQuality "1"]

1. c4 c5 2. Nc3 g6 3. g3 Bg7 4. Bg2 Nc6 5. a3 a5 6. Nf3 e5 7. d3 d6 8. 0-0 Nge7 9. Ne1 Be6 10. Nc2 d5 11. cxd5 Nxd5 12. Ne3 Nde7 13. Bd2 Rb8 14. Ne4 b6 15. Bc3 0-0 16. a4 h6 17. Nc4 Rb7 18. Qb3 f5 19. Nxc5 bxc5 20. Qxb7 Bd5 21. Qb6 Qd7 22. Qxc5 Bxg2 23. Kxg2 f4 24. Nxe5 Nxe5 25. Bxe5 Rc8 26. Qd6 Qb7+ 27. Kg1 Rc6 28. Qd8+ Kh7 29. Bxg7 1-0

[Event "EU-ch 25th"]
[Site "Eforie Nord"]
[Date "2025.03.15"]
[Round "1"]
[White "Stefanovic, Bosko"]
[Black "Baum, Jonasz"]
[Result "0-1"]
[WhiteElo "2118"]
[BlackElo "2469"]
[PlyCount "78"]
[EventDate "2025.03.15"]
[EventType "swiss"]
[EventRounds "11"]
[EventCountry "ROU"]
[SourceTitle "CB13_2025"]
[SourceDate "2025.03.26"]
[SourceVersion "1"]
[SourceVersionDate "2025.03.26"]
[SourceQuality "1"]

1. Nf3 d5 2. c4 d4 3. e3 c5 4. d3 Nc6 5. exd4 cxd4 6. g3 Nf6 7. Bg2 Nd7 8. 0-0 e5 9. Re1 Be7 10. Na3 0-0 11. Nc2 a5 12. Rb1 f6 13. b3 Kh8 14. a3 Rb8 15. b4 axb4 16. axb4 b5 17. c5 Bb7 18. Nh4 f5 19. Qh5 Bxh4 20. Qxh4 Qxh4 21. gxh4 f4 22. Na3 Ba8 23. Be4 Rf6 24. Bd2 Na7 25. Bxa8 Rxa8 26. Ra1 Ra6 27. Nc4 Rg6+ 28. Kf1 bxc4 29. dxc4 h6 30. Ra5 f3 31. Rea1 Rg2 32. Rxa7 Rxa7 33. Rxa7 Rxh2 34. Kg1 Rg2+ 35. Kf1 Nf6 36. Ra3 e4 37. Bf4 Ng4 38. c6 Rxf2+ 39. Kg1 e3 0-1

[Event "Wch U14"]
[Site "Florianopolis"]
[Date "2024.11.03"]
[Round "6"]
[White "Stefanovic, Bosko"]
[Black "Gonzalez Sanchez, Ilan Said"]
[Result "1-0"]
[WhiteElo "2124"]
[BlackElo "1977"]
[PlyCount "90"]
[EventDate "2024.10.29"]
[EventType "swiss"]
[EventRounds "11"]
[EventCountry "BRA"]
[SourceTitle "CB45_2024"]
[Source "ChessBase"]
[SourceDate "2024.11.06"]
[SourceVersion "1"]
[SourceVersionDate "2024.11.06"]
[SourceQuality "1"]

1. Nf3 d5 2. g3 Nf6 3. Bg2 e6 4. 0-0 Be7 5. d4 0-0 6. c4 c6 7. Qc2 Nbd7 8. Rd1 b6 9. Nbd2 Bb7 10. e4 Rc8 11. e5 Ne8 12. a3 c5 13. dxc5 Rxc5 14. b4 Rc7 15. Qb3 dxc4 16. Nxc4 Bd5 17. Rxd5 exd5 18. Ne3 d4 19. Nd5 Rc8 20. Bb2 Nc7 21. Bxd4 Ne6 22. Bb2 Kh8 23. Rd1 Qe8 24. Nd2 f6 25. Ne3 Nc7 26. Bc6 fxe5 27. Nf3 Nc5 28. bxc5 Qxc6 29. Nxe5 Qf6 30. N3g4 Qe6 31. Qxe6 Nxe6 32. Rd7 Rc7 33. c6 Rxd7 34. cxd7 Kg8 35. Nc6 Bf6 36. Bxf6 gxf6 37. Nh6+ Kg7 38. Nf5+ Kg6 39. Nd6 Nd8 40. Nxa7 f5 41. Nac8 Rf6 42. Nxb6 Re6 43. Ndc4 Nc6 44. Kg2 Rf6 45. Nd5 Re6 1-0

[Event "Wch U14"]
[Site "Florianopolis"]
[Date "2024.11.02"]
[Round "5"]
[White "Sprincean, Lukas George"]
[Black "Stefanovic, Bosko"]
[Result "1-0"]
[WhiteElo "1891"]
[BlackElo "2124"]
[PlyCount "95"]
[EventDate "2024.10.29"]
[EventType "swiss"]
[EventRounds "11"]
[EventCountry "BRA"]
[SourceTitle "CB45_2024"]
[Source "ChessBase"]
[SourceDate "2024.11.06"]
[SourceVersion "1"]
[SourceVersionDate "2024.11.06"]
[SourceQuality "1"]

1. e4 e6 2. d4 d5 3. Nc3 dxe4 4. Nxe4 Nd7 5. Nf3 Ngf6 6. Nxf6+ Nxf6 7. Be3 Bd7 8. Bd3 Bd6 9. 0-0 Bc6 10. Ne5 Bxe5 11. dxe5 Nd5 12. Bd2 Qh4 13. g3 Qh3 14. Be4 h5 15. a4 0-0-0 16. Qe2 f5 17. exf6 gxf6 18. c4 Ne7 19. Bxc6 Nxc6 20. Bc3 e5 21. Rad1 Rdg8 22. Rd2 Ne7 23. Rfd1 h4 24. Qd3 Kb8 25. Qd7 hxg3 26. fxg3 Qxd7 27. Rxd7 Nf5 28. Rf7 Rf8 29. Rdd7 Nd6 30. Rxf8+ Rxf8 31. Bb4 Kc8 32. Bxd6 cxd6 33. Rxd6 Kc7 34. Rd3 b6 35. Kf2 a5 36. Kf3 Rg8 37. b3 Kc6 38. h4 Rg6 39. g4 Rg8 40. h5 Rg5 41. Rd1 Rg8 42. h6 Rh8 43. Rh1 Kd6 44. Ke4 Ke6 45. h7 Kf7 46. Kf5 Kg7 47. g5 fxg5 48. Kxg5 1-0

[Event "Wch U14"]
[Site "Florianopolis"]
[Date "2024.11.01"]
[Round "4"]
[White "Stefanovic, Bosko"]
[Black "Yu, Shi"]
[Result "1-0"]
[WhiteElo "2124"]
[BlackElo "1962"]
[PlyCount "83"]
[EventDate "2024.10.29"]
[EventType "swiss"]
[EventRounds "11"]
[EventCountry "BRA"]
[SourceTitle "CB45_2024"]
[Source "ChessBase"]
[SourceDate "2024.11.06"]
[SourceVersion "1"]
[SourceVersionDate "2024.11.06"]
[SourceQuality "1"]

1. Nf3 d5 2. c4 d4 3. e3 c5 4. d3 Nc6 5. exd4 cxd4 6. g3 e5 7. Bg2 Nf6 8. 0-0 Be7 9. Re1 Nd7 10. Na3 0-0 11. Nc2 Bd6 12. Rb1 a5 13. b3 Nc5 14. Ba3 Qc7 15. Bxc5 Bxc5 16. a3 f6 17. b4 axb4 18. axb4 Be7 19. Nd2 Bf5 20. Ne4 Kh8 21. c5 Na7 22. Na3 Be6 23. b5 Nc8 24. b6 Qd7 25. Qc1 Bd5 26. Nc4 Qc6 27. f4 exf4 28. Qxf4 Ra2 29. Bh3 Bxc5 30. Qc7 Ba3 31. Nxa3 Rxa3 32. Rec1 Qxc7 33. bxc7 Bc6 34. Rxc6 bxc6 35. Bxc8 Rxc8 36. Nd6 Ra7 37. Nxc8 Rxc7 38. Nd6 h6 39. Rb7 Rxb7 40. Nxb7 Kg8 41. Na5 c5 42. Nb3 1-0

[Event "Wch U14"]
[Site "Florianopolis"]
[Date "2024.10.30"]
[Round "2"]
[White "Stefanovic, Bosko"]
[Black "Monteiro, Samuel Ramazzotte"]
[Result "1/2-1/2"]
[WhiteElo "2124"]
[BlackElo "1834"]
[PlyCount "73"]
[EventDate "2024.10.29"]
[EventType "swiss"]
[EventRounds "11"]
[EventCountry "BRA"]
[SourceTitle "CB45_2024"]
[Source "ChessBase"]
[SourceDate "2024.11.06"]
[SourceVersion "1"]
[SourceVersionDate "2024.11.06"]
[SourceQuality "1"]

1. Nf3 Nf6 2. c4 g6 3. g3 Bg7 4. Bg2 0-0 5. 0-0 d5 6. cxd5 Nxd5 7. e4 Nb6 8. Nc3 c5 9. d3 Nc6 10. Be3 Nd4 11. Bxd4 cxd4 12. Ne2 Bg4 13. Nd2 Bxe2 14. Qxe2 Na4 15. Nb3 Rc8 16. e5 Qb6 17. Rac1 e6 18. f4 Rfd8 19. Qd2 Bf8 20. Rxc8 Rxc8 21. Rc1 Rc7 22. Rc2 Bb4 23. Qc1 Rxc2 24. Qxc2 Nc5 25. Nc1 Qa5 26. h4 Bd2 27. Nb3 Nxb3 28. axb3 Qa1+ 29. Kh2 Qc1 30. Qxc1 Bxc1 31. Bxb7 a5 32. Kg2 Bxb2 33. Kf3 Kf8 34. Ke4 h5 35. Ba6 Bc3 36. Bc4 Be1 37. Kf3 1/2-1/2

[Event "Belgrade-chT Premier"]
[Site "Belgrade"]
[Date "2024.10.15"]
[Round "7.4"]
[White "Chelushkina, Irina"]
[Black "Stefanovic, Bosko"]
[Result "0-1"]
[WhiteElo "2167"]
[BlackElo "2124"]
[PlyCount "82"]
[EventDate "2024.10.09"]
[EventType "team-tourn"]
[EventRounds "11"]
[EventCountry "SRB"]
[SourceTitle "CB44_2024"]
[Source "Chessbase"]
[SourceDate "2024.10.30"]
[SourceVersion "1"]
[SourceVersionDate "2024.10.30"]
[SourceQuality "1"]
[WhiteTeam "Belgrade Partizan"]
[BlackTeam "Belgrade Polet"]
[WhiteTeamCountry "SRB"]
[BlackTeamCountry "SRB"]

1. g3 g6 2. Bg2 Bg7 3. d4 c5 4. dxc5 Na6 5. Nf3 Nxc5 6. 0-0 d6 7. a4 Nf6 8. Nc3 0-0 9. a5 a6 10. Be3 Qc7 11. h3 Bd7 12. Nd4 Rac8 13. Bg5 Bc6 14. Nxc6 bxc6 15. e4 Rb8 16. b3 Nfd7 17. Bd2 f5 18. exf5 gxf5 19. Rb1 e5 20. b4 Ne6 21. Qe2 Ra8 22. f4 e4 23. g4 d5 24. Na4 Rae8 25. c3 Kh8 26. Be3 fxg4 27. Qxg4 Rg8 28. Qd1 Bh6 29. Qd2 Rg7 30. f5 Bxe3+ 31. Qxe3 Reg8 32. Rb2 Ng5 33. Kh1 Nf6 34. Qf4 Rf7 35. Qh4 Qe7 36. Nc5 Qe5 37. Rc2 Nf3 38. Bxf3 exf3 39. Nd3 Qxf5 40. Rcf2 Ne4 41. Rxf3 Qxf3+ 0-1

[Event "Belgrade-chT Premier"]
[Site "Belgrade"]
[Date "2024.10.11"]
[Round "3.4"]
[White "Drazic, Sinisa"]
[Black "Stefanovic, Bosko"]
[Result "1-0"]
[WhiteElo "2256"]
[BlackElo "2124"]
[PlyCount "57"]
[EventDate "2024.10.09"]
[EventType "team-tourn"]
[EventRounds "11"]
[EventCountry "SRB"]
[SourceTitle "CB44_2024"]
[Source "Chessbase"]
[SourceDate "2024.10.30"]
[SourceVersion "1"]
[SourceVersionDate "2024.10.30"]
[SourceQuality "1"]
[WhiteTeam "Belgrade Turbina"]
[BlackTeam "Belgrade Polet"]
[WhiteTeamCountry "SRB"]
[BlackTeamCountry "SRB"]

1. Nc3 d5 2. e4 dxe4 3. Nxe4 Nd7 4. b3 Ngf6 5. Nxf6+ Nxf6 6. Bb2 g6 7. Be2 Bg7 8. Nf3 0-0 9. 0-0 Re8 10. Re1 Bg4 11. Ne5 Bxe2 12. Qxe2 Nd7 13. d4 c6 14. a4 Qc7 15. Nc4 Nf8 16. Rad1 Ne6 17. g3 Rad8 18. c3 Rd7 19. Qg4 h5 20. Qf3 Red8 21. Rxe6 fxe6 22. Re1 e5 23. Nxe5 Bxe5 24. Rxe5 Rd5 25. Re6 R8d6 26. Re3 Rf5 27. Qe2 Rdf6 28. Rxe7 Rxf2 29. Qc4+ 1-0

[Event "Belgrade-chT Premier"]
[Site "Belgrade"]
[Date "2024.10.10"]
[Round "2.4"]
[White "Stefanovic, Bosko"]
[Black "Ostojic, Katarina"]
[Result "1/2-1/2"]
[WhiteElo "2124"]
[BlackElo "2046"]
[PlyCount "69"]
[EventDate "2024.10.09"]
[EventType "team-tourn"]
[EventRounds "11"]
[EventCountry "SRB"]
[SourceTitle "CB44_2024"]
[Source "Chessbase"]
[SourceDate "2024.10.30"]
[SourceVersion "1"]
[SourceVersionDate "2024.10.30"]
[SourceQuality "1"]
[WhiteTeam "Belgrade Polet"]
[BlackTeam "Novi Belgrade"]
[WhiteTeamCountry "SRB"]
[BlackTeamCountry "SRB"]

1. c4 e6 2. Nf3 d5 3. g3 Nf6 4. Bg2 Bd6 5. 0-0 0-0 6. d4 h6 7. Nbd2 Nc6 8. b3 Ne4 9. Bb2 f5 10. Ne1 Be7 11. Nxe4 fxe4 12. f3 exf3 13. Nxf3 Bf6 14. Qd3 Nb4 15. Qd2 a5 16. Bc3 Qe7 17. Rae1 c5 18. a3 Nc6 19. cxd5 exd5 20. Kh1 Bg4 21. Ne5 cxd4 22. Nxg4 dxc3 23. Nxf6+ Rxf6 24. Bxd5+ Kh8 25. Qxc3 Rxf1+ 26. Rxf1 Qxe2 27. Qc4 Qe8 28. Qe4 Qxe4+ 29. Bxe4 Re8 30. Bg6 Rd8 31. Re1 Kg8 32. Kg2 Kf8 33. Rf1+ Kg8 34. Re1 Kf8 35. Rf1+ 1/2-1/2

[Event "Belgrade-chT Premier"]
[Site "Belgrade"]
[Date "2024.10.09"]
[Round "1.4"]
[White "Oliinyk, Serafym"]
[Black "Stefanovic, Bosko"]
[Result "1-0"]
[WhiteElo "2164"]
[BlackElo "2124"]
[PlyCount "114"]
[EventDate "2024.10.09"]
[EventType "team-tourn"]
[EventRounds "11"]
[EventCountry "SRB"]
[SourceTitle "CB44_2024"]
[Source "Chessbase"]
[SourceDate "2024.10.30"]
[SourceVersion "1"]
[SourceVersionDate "2024.10.30"]
[SourceQuality "1"]
[WhiteTeam "Belgrade Zmaj II"]
[BlackTeam "Belgrade Polet"]
[WhiteTeamCountry "SRB"]
[BlackTeamCountry "SRB"]

1. e4 e6 2. Qe2 e5 3. Nf3 Nc6 4. Nc3 g6 5. h4 Nf6 6. d4 d6 7. dxe5 dxe5 8. Bg5 h6 9. Bxf6 Qxf6 10. Nd5 Qd8 11. 0-0-0 Bd6 12. Qe3 Bg4 13. Be2 Bxf3 14. Bxf3 Kf8 15. h5 Kg7 16. hxg6 fxg6 17. Rh3 Nd4 18. c3 Ne6 19. Bg4 Ng5 20. Rhh1 h5 21. Be2 Ne6 22. Kb1 Qg5 23. Qxg5 Nxg5 24. Nxc7 Rad8 25. Nb5 Nxe4 26. Rh4 a6 27. Rxe4 axb5 28. Bxb5 Kf6 29. Ra4 Bc5 30. Bd3 Bxf2 31. Kc2 Kg5 32. Rf1 Rhf8 33. Rb4 b6 34. Rc4 Bc5 35. Rxf8 Rxf8 36. b4 Rf2+ 37. Kb3 Be3 38. Rc6 Rf6 39. Rxf6 Kxf6 40. Kc4 g5 41. Kb5 Ke6 42. Kc6 g4 43. a4 e4 44. Bxe4 Ke5 45. Bd3 h4 46. c4 Kd4 47. Bf1 h3 48. gxh3 gxh3 49. Kb5 h2 50. Bg2 Ke5 51. c5 bxc5 52. bxc5 Ke6 53. Kb6 Ke5 54. a5 Kd4 55. c6 Kc4+ 56. Kb7 Bf4 57. a6 Kd4 1-0

[Event "EU-ch U14"]
[Site "Prague"]
[Date "2024.08.24"]
[Round "3"]
[White "Cieslak, Patryk"]
[Black "Stefanovic, Bosko"]
[Result "0-1"]
[WhiteElo "2374"]
[BlackElo "2112"]
[PlyCount "136"]
[EventDate "2024.08.22"]
[EventType "swiss"]
[EventRounds "9"]
[EventCountry "CZE"]
[SourceTitle "CBM 221 Extra"]
[Source "ChessBase"]
[SourceDate "2024.09.30"]
[SourceVersion "1"]
[SourceVersionDate "2024.09.30"]
[SourceQuality "1"]

1. d4 Nf6 2. c4 e6 3. Nc3 c5 4. d5 exd5 5. cxd5 d6 6. e4 g6 7. f4 Bg7 8. Bb5+ Nfd7 9. a4 Qh4+ 10. g3 Qe7 11. Nf3 0-0 12. 0-0 a6 13. Bd3 c4 14. Bxc4 Nc5 15. Qc2 Bg4 16. Bd2 Nbd7 17. Rae1 Rac8 18. Ba2 Rfe8 19. Bb1 Qd8 20. Ng5 Nb6 21. h3 Bd7 22. e5 Bf5 23. Qd1 Bxb1 24. Qxb1 Nc4 25. Bc1 dxe5 26. f5 e4 27. fxg6 fxg6 28. Ngxe4 Nxe4 29. Rxe4 Qb6+ 30. Kh1 Bxc3 31. Rxe8+ Rxe8 32. Qc2 Qd4 33. bxc3 Qxd5+ 34. Qg2 Qxg2+ 35. Kxg2 Re2+ 36. Kf3 Ra2 37. Bh6 Kf7 38. Re1 Rxa4 39. Bg5 Ra5 40. Re7+ Kf8 41. Rc7 Rxg5 42. Rxc4 Re5 43. Kf4 Re7 44. Rc8+ Kf7 45. c4 Ke6 46. Kg5 Kd6 47. g4 Rc7 48. Ra8 Kc5 49. h4 Kb4 50. Ra7 Kxc4 51. h5 gxh5 52. gxh5 Kb4 53. Ra8 a5 54. Rf8 a4 55. Rf4+ Ka5 56. Rf3 b5 57. Kh6 Kb6 58. Ra3 Ra7 59. Rf3 a3 60. Rf6+ Ka5 61. Rf2 Ka4 62. Rf4+ b4 63. Rf2 b3 64. Rf4+ Kb5 65. Rf5+ Kc4 66. Rf4+ Kd5 67. Rf5+ Ke4 68. Rf4+ Ke3 0-1

[Event "Belgrade Serbia op"]
[Site "Belgrade"]
[Date "2024.07.14"]
[Round "3"]
[White "Popvasilev, Kalojan"]
[Black "Stefanovic, Bosko"]
[Result "1/2-1/2"]
[WhiteElo "2252"]
[BlackElo "2073"]
[PlyCount "41"]
[EventDate "2024.07.12"]
[EventType "swiss"]
[EventRounds "9"]
[EventCountry "SRB"]
[SourceTitle "CBM 221 Extra"]
[Source "ChessBase"]
[SourceDate "2024.09.30"]
[SourceVersion "1"]
[SourceVersionDate "2024.09.30"]
[SourceQuality "1"]

1. e4 e6 2. d4 d5 3. Nd2 c5 4. Ngf3 cxd4 5. exd5 Qxd5 6. Bc4 Qd7 7. 0-0 Nc6 8. Nb3 Qc7 9. Nbxd4 Nxd4 10. Qxd4 Nf6 11. Bg5 Be7 12. Rad1 0-0 13. Bd3 h6 14. Bh4 Rd8 15. Qe5 Qxe5 16. Nxe5 Kf8 17. f3 Nd7 18. Bxe7+ Kxe7 19. Nxd7 Bxd7 20. f4 Bc6 21. g3 1/2-1/2